<Le> français dans l'économie nationale I

Saved in:
Bibliographic Details
Main Author: Chebeň, Juraj
Corporate Author: Ekonomická univerzita v Bratislave. Ústav jazykov
Other Authors: Taraba, Ján, Lapšanský, Ladislav
Format: Book
Language:French
Published: Bratislava Vydavateľstvo EKONÓM 2008
Subjects:
Tags: Add Tag
No Tags, Be the first to tag this record!

MARC

LEADER 00000nam$a2200000$$$4500
001 0083549
005 20240502071935.0
020 |a 978-80-225-2610-4 
041 0 |a fre 
044 |a SK 
245 1 0 |a <Le> français dans l'économie nationale I  |c Juraj Chebeň 
264 1 |a Bratislava  |b Vydavateľstvo EKONÓM  |c 2008 
300 |a 126 s. 
610 2 0 |a marketing 
610 2 0 |a obchod 
610 2 0 |a podnikanie 
610 2 0 |a financie 
610 2 0 |a globalizácia 
610 2 0 |a šport 
100 1 |a Chebeň, Juraj 
700 1 |a Taraba, Ján 
700 1 |a Lapšanský, Ladislav 
710 2 |a Ekonomická univerzita v Bratislave. Ústav jazykov